[Event "FIDE Open"]
[Site "Voronezh"]
[Date "2018.06.19"]
[Round "8.41"]
[White "Kushnarenko, Egor"]
[Black "Filippov, Vladimir"]
[Result "1/2-1/2"]
[WhiteElo "1631"]
[BlackElo "1881"]
[Annotator ""]
[Source ""]
[Remark ""]

1.e4 d6 2.d4 g6 3.Nc3 Bg7 4.f4 c6 5.Nf3 d5 6.e5 h5 7.Bd3 Nh6
8.O-O Bf5 9.Bxf5 Nxf5 10.Ne2 e6 11.Qe1 h4 12.b3 Nd7 13.Qf2 Bf8
14.Bb2 Be7 15.Bc1 Rc8 16.Bd2 c5 17.c3 b6 18.Rfc1 O-O 19.g4 hxg3
20.hxg3 Kg7 21.Kg2 Rh8 22.Rh1 cxd4 23.Rxh8 Qxh8 24.Rh1 Qg8 25.Nexd4
Nxd4 26.cxd4 Rc2 27.f5 g5 28.f6+ Bxf6 29.exf6+ Nxf6 30.Nxg5 Ng4
31.Nxe6+ fxe6 32.Bh6+ Nxh6 33.Qxc2 Nf5 34.Qc7+ Kg6 35.Qxa7 Kf6
36.Qc7 Ne3+ 37.Kf3 Qg4+ 38.Kxe3 Qe4+ 39.Kd2 Qxh1 40.Qe5+ Ke7 1/2-1/2

[Event "FIDE Open"]
[Site "Voronezh"]
[Date "2018.06.19"]
[Round "8.42"]
[White "Neklyudov, Taras"]
[Black "Pikalova, Sofya"]
[Result "1-0"]
[WhiteElo "1876"]
[BlackElo "1739"]
[Annotator ""]
[Source ""]
[Remark ""]

1.e4 c5 2.Nf3 d6 3.Bb5+ Nd7 4.d4 cxd4 5.Qxd4 a6 6.Bxd7+ Bxd7
7.Nc3 Nf6 8.Bg5 e5 9.Qd3 Bc6 10.O-O-O b5 11.a3 Qa5 12.Kb1 Rb8
13.Bxf6 gxf6 14.Nd5 Bxd5 15.Qxd5 Qb6 16.Rd2 a5 17.Nh4 a4 18.c3
Rg8 19.g3 Bh6 20.Rd3 Rd8 21.Nf5 Bf8 22.Rhd1 Be7 23.f4 exf4 24.gxf4
Rg1 25.Rxg1 Qxg1+ 26.Rd1 Qxh2 27.Qxb5+ Kf8 28.Qb7 Re8 29.Qd5
Qxf4 30.Rh1 Qe5 31.Rxh7 Kg8 32.Qxf7# 1-0

[Event "FIDE Open"]
[Site "Voronezh"]
[Date "2018.06.19"]
[Round "8.43"]
[White "Sibgatullin, Amir"]
[Black "Sokolovsky, Victor"]
[Result "0-1"]
[WhiteElo "1638"]
[BlackElo "1866"]
[Annotator ""]
[Source ""]
[Remark ""]

1.e4 e5 2.Nf3 Nc6 3.Nc3 Nf6 4.Be2 Bc5 5.Nxe5 Nd4 6.d3 Qe7 7.Nf3
O-O 8.Bg5 c6 9.O-O Re8 10.Re1 d6 11.Na4 Ne6 12.Bh4 Bb4 13.c3
Ba5 14.b4 Bc7 15.d4 Qf8 16.Bxf6 gxf6 17.Nh4 Ng5 18.Bg4 Qh6 19.Bxc8
Raxc8 20.Qg4 Kh8 21.Nf5 Qg6 22.Ne7 Rxe7 23.Qxc8+ Kg7 24.Qf5 Qh6
25.Re3 d5 26.e5 fxe5 27.dxe5 Ne4 28.Rh3 Qg6 29.Qxg6+ hxg6 30.Re3
Bxe5 31.Rae1 f5 32.f3 d4 33.Rd3 Nxc3 34.Nxc3 dxc3 35.f4 Bd4+ 0-1

[Event "FIDE Open"]
[Site "Voronezh"]
[Date "2018.06.19"]
[Round "8.44"]
[White "Slastikhin, Vladislav"]
[Black "Netsvetaev, Kirill"]
[Result "1/2-1/2"]
[WhiteElo "1846"]
[BlackElo "1536"]
[Annotator ""]
[Source ""]
[Remark ""]

1.d4 d5 2.c4 c6 3.Nf3 Nf6 4.e3 e6 5.Nc3 Be7 6.Bd3 Nbd7 7.b3 O-O
8.O-O b6 9.Bb2 Bb7 10.cxd5 exd5 11.Rc1 c5 12.Ne5 Ne4 13.Qf3 f5
14.Bxe4 fxe4 15.Qg4 Nxe5 16.dxe5 Qc8 17.e6 Bf6 18.Rfd1 Bxc3 19.Bxc3
Qc7 20.b4 c4 21.b5 Rfe8 22.h4 Bc8 23.h5 Bxe6 24.Qg5 h6 25.Qg6
Qf7 26.Qg3 Rad8 27.a4 Qe7 28.a5 Qg5 29.Qxg5 hxg5 30.axb6 axb6
31.Bd4 Bg4 32.Rd2 Bxh5 33.Ra2 Ra8 34.Rca1 Rxa2 35.Rxa2 Rb8 36.Ra7
Bf7 37.Kf1 Rc8 38.Ke1 g4 39.Kd2 Rb8 40.Kc3 Be6 41.Rxg7+ Kf8 42.Ra7
Ke8 43.Ra6 Bc8 44.Ra1 Bd7 45.Kb4 c3 46.Rc1 Ra8 47.Bxb6 Ra2 48.Rxc3
Rb2+ 49.Rb3 Rxb3+ 50.Kxb3 Bxb5 51.Kb4 Bf1 1/2-1/2

[Event "FIDE Open"]
[Site "Voronezh"]
[Date "2018.06.19"]
[Round "8.45"]
[White "Biskup, Stepan"]
[Black "Klevets, Ksenia"]
[Result "1/2-1/2"]
[WhiteElo "1529"]
[BlackElo "1844"]
[Annotator ""]
[Source ""]
[Remark ""]

1.d4 d5 2.Nf3 Nf6 3.g3 g6 4.Bg2 Bg7 5.O-O O-O 6.c4 c6 7.Nbd2
Nbd7 8.b3 a5 9.a3 b5 10.Bb2 Ba6 11.c5 Qc7 12.b4 a4 13.Qc2 Rad8
14.Rae1 Bc8 15.h3 h5 16.Ng5 Nh7 17.Nxh7 Kxh7 18.Nf3 Nf6 19.Ng5+
Kg8 20.f4 Bf5 21.Qd2 Ne4 22.Nxe4 Bxe4 23.e3 Qd7 24.Bxe4 dxe4
25.Qg2 Qd5 26.Qc2 e6 27.Kf2 f6 28.Ke2 Qf5 29.Rh1 g5 30.Ref1 Qd5
31.Rhg1 Kh7 32.Rf2 Kh6 33.h4 g4 1/2-1/2

[Event "FIDE Open"]
[Site "Voronezh"]
[Date "2018.06.19"]
[Round "8.46"]
[White "Kasantsev, Anatolij B."]
[Black "Zhapova, Yana"]
[Result "1/2-1/2"]
[WhiteElo "1962"]
[BlackElo "1597"]
[Annotator ""]
[Source ""]
[Remark ""]

1.d4 d5 2.c4 e6 3.Nc3 c6 4.Nf3 dxc4 5.a4 Bb4 6.e3 b5 7.Bd2 a5
8.axb5 Bxc3 9.bxc3 cxb5 10.Qb1 Bd7 11.Be2 Nf6 12.Ne5 Nd5 13.e4
Ne7 14.Ra2 O-O 15.Nxd7 Qxd7 16.Rb2 b4 17.cxb4 Qxd4 18.Be3 Qc3+
19.Bd2 Qd4 20.Be3 Qd6 21.Bc5 Qc7 22.Bxc4 axb4 23.Bxe7 Qxe7 24.O-O
Nc6 25.Bb5 Rfc8 26.Bxc6 Rxc6 27.Rxb4 Rac8 28.Rb8 Qc7 29.Rxc8+
Qxc8 1/2-1/2

[Event "FIDE Open"]
[Site "Voronezh"]
[Date "2018.06.19"]
[Round "8.47"]
[White "Efendieva, Alina"]
[Black "Shoshin, Kirill"]
[Result "0-1"]
[WhiteElo "1727"]
[BlackElo "1938"]
[Annotator ""]
[Source ""]
[Remark ""]

1.e4 e6 2.d4 d5 3.Nc3 Nf6 4.e5 Nfd7 5.f4 c5 6.Nf3 Nc6 7.Be3 cxd4
8.Nxd4 Bc5 9.Qd2 Bxd4 10.Bxd4 Nxd4 11.Qxd4 Qb6 12.Qd2 f6 13.O-O-O
fxe5 14.fxe5 O-O 15.Re1 Rf5 16.Nxd5 exd5 17.Qxd5+ Kh8 18.e6 Rxd5
19.e7 Qh6+ 20.Kb1 Rd1+ 21.Rxd1 Qe6 22.Bb5 Qxe7 23.Rhe1 Qf8 0-1

[Event "FIDE Open"]
[Site "Voronezh"]
[Date "2018.06.19"]
[Round "8.48"]
[White "Godzhurov, Lidzhi"]
[Black "Lupolov, Boris"]
[Result "0-1"]
[WhiteElo "1703"]
[BlackElo "1925"]
[Annotator ""]
[Source ""]
[Remark ""]

1.Nf3 Nf6 2.d4 e6 3.c4 b6 4.g3 Bb7 5.Bg2 Be7 6.Nc3 O-O 7.O-O
Ne4 8.Qc2 Nxc3 9.bxc3 f5 10.Rd1 Be4 11.Qb2 d6 12.Nd2 Bxg2 13.Kxg2
Nd7 14.Nb3 Qc8 15.Qc2 c5 16.Ba3 Qa6 17.Qb2 Qxc4 18.dxc5 bxc5
19.Rab1 Rab8 20.Qd2 Qa6 21.Bc1 c4 22.Qe3 e5 0-1

[Event "FIDE Open"]
[Site "Voronezh"]
[Date "2018.06.19"]
[Round "8.49"]
[White "Levicheva, Ekaterina"]
[Black "Suleymanov, Emirlan"]
[Result "1-0"]
[WhiteElo "1908"]
[BlackElo "1701"]
[Annotator ""]
[Source ""]
[Remark ""]

1.e4 e5 2.Nf3 Nc6 3.Bb5 a6 4.Ba4 d6 5.d3 Bd7 6.O-O g6 7.c3 Bg7
8.d4 b5 9.Bc2 Nf6 10.d5 Ne7 11.a4 O-O 12.Nbd2 Nh5 13.Re1 Nf4
14.Nf1 h6 15.Bxf4 exf4 16.Nd4 Re8 17.Qd3 bxa4 18.Bxa4 Bxa4 19.Rxa4
Nxd5 20.Nc6 Qg5 21.Ra5 f3 22.Qxf3 Re6 23.Qd1 Nxc3 24.bxc3 Bxc3
25.Rxg5 1-0

[Event "FIDE Open"]
[Site "Voronezh"]
[Date "2018.06.19"]
[Round "8.50"]
[White "Vorobiov, Nikolai"]
[Black "Voronin, Yaroslav"]
[Result "1-0"]
[WhiteElo "1873"]
[BlackElo "1684"]
[Annotator ""]
[Source ""]
[Remark ""]

1.b3 d5 2.e3 Nf6 3.Bb2 Bg4 4.Ne2 e6 5.h3 Bxe2 6.Qxe2 c6 7.g3
Bd6 8.a4 Nbd7 9.h4 Qc7 10.d3 Be5 11.d4 Bd6 12.Nd2 e5 13.Bh3 O-O-O
14.c3 Kb8 15.Ba3 Rhe8 16.Bxd6 Qxd6 17.O-O e4 18.b4 h6 19.Nb3
g5 20.h5 g4 21.Bxg4 Nxg4 22.Qxg4 Nf6 23.Qh4 Rg8 24.b5 Rg5 25.Qf4
Nxh5 26.Qxd6+ Rxd6 27.bxc6 Rxc6 28.Nc5 Nf6 29.Rfb1 b6 30.a5 Kc7
31.axb6+ axb6 32.Ra7+ Kc8 33.Na4 Nd7 34.Ra8+ Kb7 35.Rh8 Rgg6
36.Rb5 Rg5 37.Rh7 Rf6 38.Nc5+ Kc6 39.Nxd7 Kxd7 40.Rh8 Rgf5 41.Rb2 1-0

[Event "FIDE Open"]
[Site "Voronezh"]
[Date "2018.06.19"]
[Round "8.51"]
[White "Gerasko, Viacheslav"]
[Black "Agibalov, Roman"]
[Result "1-0"]
[WhiteElo "1862"]
[BlackElo "1655"]
[Annotator ""]
[Source ""]
[Remark ""]

1.c4 c6 2.g3 Nf6 3.Bg2 d5 4.b3 e5 5.d3 Bb4+ 6.Bd2 Bxd2+ 7.Nxd2
O-O 8.Ngf3 Re8 9.O-O e4 10.Ne1 e3 11.fxe3 Rxe3 12.Nc2 Re8 13.h3
Qd6 14.Rf3 Nbd7 15.d4 Nf8 16.c5 Qe7 17.Re3 Ne6 18.Qe1 a5 19.Qf2
a4 20.b4 Qc7 21.Rf1 Ng5 22.Rxe8+ Nxe8 23.Qe3 Ne6 24.b5 Qa5 25.b6
a3 26.Rb1 Qa4 27.Rb3 Ra6 28.Qd3 Qa5 29.Rxa3 Qb5 30.Qxb5 cxb5
31.Rxa6 bxa6 32.Bxd5 Nd8 33.c6 Nf6 34.b7 1-0

[Event "FIDE Open"]
[Site "Voronezh"]
[Date "2018.06.19"]
[Round "8.52"]
[White "Badtrutdinova, Darya"]
[Black "Vasiljev, Ilya"]
[Result "1/2-1/2"]
[WhiteElo "1604"]
[BlackElo "1816"]
[Annotator ""]
[Source ""]
[Remark ""]

1.d4 Nf6 2.Bg5 Ne4 3.Bf4 c5 4.f3 Qa5+ 5.c3 Nf6 6.Nd2 cxd4 7.Nb3
Qb6 8.Qxd4 Nc6 9.Qxb6 axb6 10.Be3 b5 11.Bf2 d6 12.a3 Be6 13.Nd2
Na5 14.e4 Bc4 15.Ne2 e5 16.Nxc4 bxc4 17.O-O-O b5 18.Ng3 g6 19.Be2
Be7 20.Nf1 Nd7 21.Ne3 Nb6 22.Kc2 Rb8 23.h4 O-O 24.g4 Rfd8 25.Be1
Nb3 26.Bg3 Nc5 27.Nd5 Nxd5 28.Rxd5 Kg7 29.Bf2 Ne6 30.Be3 Nc7
31.Rdd1 Ne6 32.a4 Rdc8 33.axb5 Rxb5 34.h5 Rcb8 35.Rb1 Rc8 36.hxg6
fxg6 37.Ra1 Rb7 38.Ra4 Rbc7 39.Bb6 Rc6 40.Ra7 Re8 41.Be3 Kg8
42.Rha1 Bg5 43.Bxg5 Nxg5 44.R1a6 Rec8 45.Rxc6 Rxc6 46.Ra4 Kg7
47.Rb4 1/2-1/2

[Event "FIDE Open"]
[Site "Voronezh"]
[Date "2018.06.19"]
[Round "8.53"]
[White "Ismailov, Samir"]
[Black "Knyazev, Pavel"]
[Result "0-1"]
[WhiteElo "1507"]
[BlackElo "1762"]
[Annotator ""]
[Source ""]
[Remark ""]

1.d4 Nf6 2.Nf3 g6 3.c4 Bg7 4.Nc3 O-O 5.Bg5 d6 6.e3 Nbd7 7.Bd3
e5 8.O-O h6 9.Bxf6 Qxf6 10.Qc2 Qd8 11.dxe5 dxe5 12.e4 c6 13.Rad1
Qe7 14.Nd2 Nf6 15.h3 g5 16.Ne2 Nh5 17.c5 g4 18.hxg4 Bxg4 19.f3
Be6 20.b4 Qg5 21.Nc4 Nf4 22.Nxf4 exf4 23.Qf2 Bh3 24.Kh2 Bd4 25.Qe2
Bg4 26.Rf2 Qh4+ 27.Kg1 Qxf2+ 28.Qxf2 Bxf2+ 29.Kxf2 Be6 0-1

[Event "FIDE Open"]
[Site "Voronezh"]
[Date "2018.06.19"]
[Round "8.54"]
[White "Rubtsov, Victor"]
[Black "Kokueva, Alisa"]
[Result "0-1"]
[WhiteElo "1735"]
[BlackElo "1586"]
[Annotator ""]
[Source ""]
[Remark ""]

1.d4 d5 2.Bg5 h6 3.Bh4 c5 4.c3 Qb6 5.Qc2 Nc6 6.e3 e6 7.Nd2 Be7
8.Bxe7 Ngxe7 9.Ngf3 Bd7 10.Be2 Rc8 11.Nb3 cxd4 12.exd4 O-O 13.Qd2
Qc7 14.O-O Nf5 15.Bd3 Nd6 16.Rfe1 Na5 17.Ne5 Nac4 18.Bxc4 Nxc4
19.Qc2 b6 20.Nd2 Nxe5 21.Rxe5 f6 22.Re3 e5 23.Qb3 Be6 24.dxe5
fxe5 25.Nf3 e4 26.Nd4 Qf7 27.Rf1 Rce8 28.Qd1 Bc8 29.f3 Qf4 30.fxe4
Qxe3+ 31.Kh1 Rxf1+ 0-1

[Event "FIDE Open"]
[Site "Voronezh"]
[Date "2018.06.19"]
[Round "8.55"]
[White "Vlasova, Olesia"]
[Black "Tatarinova, Elena"]
[Result "1/2-1/2"]
[WhiteElo "1682"]
[BlackElo "1797"]
[Annotator ""]
[Source ""]
[Remark ""]

1.e4 c5 2.Nf3 Nc6 3.Bb5 g6 4.O-O Bg7 5.c3 Nf6 6.Re1 O-O 7.d4
cxd4 8.cxd4 d5 9.e5 Ne4 10.Nc3 Nxc3 11.bxc3 Na5 12.a4 Bd7 13.Bxd7
Qxd7 14.Ba3 Nc4 15.Bb4 a5 16.Bc5 b6 17.Ba3 Rfc8 18.Qb3 Rab8 19.h3
b5 20.Reb1 Nxa3 21.Qxa3 e6 22.axb5 Rxb5 23.Rxb5 Qxb5 24.Qxa5
Qxa5 25.Rxa5 Rxc3 1/2-1/2

[Event "FIDE Open"]
[Site "Voronezh"]
[Date "2018.06.19"]
[Round "8.56"]
[White "Popov, Denis"]
[Black "Astakhov, Alexander"]
[Result "0-1"]
[WhiteElo "1642"]
[BlackElo "1762"]
[Annotator ""]
[Source ""]
[Remark ""]

1.e4 Nf6 2.e5 Nd5 3.c4 Nb6 4.c5 Nd5 5.Bc4 c6 6.Qf3 e6 7.Bxd5
cxd5 8.d4 Nc6 9.Ne2 b6 10.cxb6 Qxb6 11.Qb3 Qxb3 12.axb3 Rb8 13.Nd2
Bb4 14.O-O a5 15.Rd1 Ba6 0-1

[Event "FIDE Open"]
[Site "Voronezh"]
[Date "2018.06.19"]
[Round "8.57"]
[White "Koshelev, Vladimir"]
[Black "Tatarintsev, Mikhail"]
[Result "0-1"]
[WhiteElo "1741"]
[BlackElo "1681"]
[Annotator ""]
[Source ""]
[Remark ""]

1.d4 d5 2.Nf3 Nf6 3.Bf4 e6 4.e3 Be7 5.Bd3 O-O 6.Nbd2 c5 7.c3
Nc6 8.h3 h6 9.O-O Bd6 10.Ne5 Qc7 11.Ndf3 b6 12.Rc1 Bb7 13.b4
Rfc8 14.b5 Nb8 15.c4 Qe7 16.Ng4 Bxf4 17.exf4 Nbd7 18.Nge5 Ne4
19.Re1 Ndf6 20.Ng4 Qd6 21.Nfe5 cxd4 22.f3 Nxg4 23.fxe4 Nf6 24.exd5
exd5 25.Qf3 Rc7 26.Nc6 Bxc6 27.bxc6 Rxc6 28.cxd5 Rxc1 29.Rxc1
Qxd5 30.Qe2 Re8 31.Qb2 Ne4 32.Rc7 Nc5 33.Bf1 Rd8 34.Qd2 d3 35.Rxa7
Ne4 36.Qxd3 Qxd3 37.Bxd3 Rxd3 0-1

[Event "FIDE Open"]
[Site "Voronezh"]
[Date "2018.06.19"]
[Round "8.58"]
[White "Kuzmin, Vitaly"]
[Black "Kuzminykh, Nikita"]
[Result "1/2-1/2"]
[WhiteElo "1738"]
[BlackElo "1658"]
[Annotator ""]
[Source ""]
[Remark ""]

1.d4 Nf6 2.Bf4 e6 3.e3 d5 4.h3 Bd6 5.Bxd6 Qxd6 6.a3 O-O 7.Nf3
c5 8.c3 Nc6 9.Be2 c4 10.b3 cxb3 11.Qxb3 a6 12.O-O b5 13.a4 Bd7
14.axb5 axb5 15.Rxa8 Rxa8 16.Bxb5 Qb8 17.Ba4 Nxd4 18.Qxb8+ Rxb8
19.cxd4 Bxa4 20.Nc3 Bc2 21.Rc1 Bg6 22.Ne5 Ne4 23.Na4 f6 24.Nd7
Rd8 25.Ndc5 Nxc5 26.dxc5 Rc8 27.f4 Rc6 1/2-1/2

[Event "FIDE Open"]
[Site "Voronezh"]
[Date "2018.06.19"]
[Round "8.59"]
[White "Strukov, Dmitry"]
[Black "Murzina, Agata"]
[Result "0-1"]
[WhiteElo "1737"]
[BlackElo "1632"]
[Annotator ""]
[Source ""]
[Remark ""]

1.e4 e6 2.d4 d5 3.Nd2 Nf6 4.e5 Nfd7 5.Ngf3 c5 6.c3 Nc6 7.Bb5
a6 8.Bxc6 bxc6 9.Nb3 cxd4 10.cxd4 c5 11.Bg5 Be7 12.Bxe7 Qxe7
13.dxc5 Nxc5 14.Nxc5 Qxc5 15.O-O O-O 16.Rc1 Qa5 17.a3 Rb8 18.Rc2
Bd7 19.Qd4 Rfc8 20.Rfc1 Rxc2 21.Rxc2 Qxa3 22.h3 Qa4 23.Qd3 h6
24.Qd2 Qa1+ 25.Kh2 Qb1 26.Rc7 Rxb2 27.Qc3 Rb3 28.Qc5 Be8 29.Qa7
Rb8 30.Qxa6 Qe4 31.Qa3 Qf4+ 32.g3 Qe4 33.Kg2 Bb5 34.Kh2 Be2 35.Rxf7
Kxf7 36.Qa7+ Kg6 37.Nh4+ Kh7 38.Qxb8 d4 39.Qe8 d3 40.f4 Bf3 41.Nxf3
Qe2+ 42.Kg1 Qxf3 43.Qxe6 Qxg3+ 44.Kf1 Qxf4+ 0-1

[Event "FIDE Open"]
[Site "Voronezh"]
[Date "2018.06.19"]
[Round "8.60"]
[White "Granovskaya, Ekaterina"]
[Black "Lesnykh, Zhanna"]
[Result "1/2-1/2"]
[WhiteElo "1731"]
[BlackElo "1616"]
[Annotator ""]
[Source ""]
[Remark ""]

1.e4 e5 2.Nf3 d6 3.d4 exd4 4.Nxd4 Nf6 5.Nc3 Be7 6.Be2 O-O 7.Bf4
a6 8.Bf3 Nbd7 9.Nf5 h6 10.Qd2 Nc5 11.Nxg7 Kxg7 12.Bxh6+ Kh8 13.Bxf8
Qxf8 14.O-O-O Be6 15.Kb1 Rb8 16.h4 b5 17.Qd4 Qg7 18.g4 b4 19.Ne2
Nfd7 20.g5 a5 21.Qxg7+ Kxg7 22.Nd4 Rb6 23.Bg2 f6 24.f4 a4 25.b3
axb3 26.cxb3 Nf8 27.Bf3 Bd7 28.Kc2 Ng6 29.f5 Ne5 30.Bg2 fxg5
31.hxg5 Bxg5 32.Rh3 Ra6 33.Kb1 Kf6 34.Nc2 Rb6 35.Ne3 Bxe3 36.Rxe3
Rb8 37.Rh3 Rg8 38.Rh6+ Kf7 39.Rd2 Bc6 40.Rh7+ Ke8 41.Rxc7 Rxg2
42.Rxg2 Bxe4+ 43.Rc2 Bxf5 44.Kc1 Bxc2 45.Kxc2 Kd8 46.Rh7 Ned7
47.Rh4 1/2-1/2

[Event "FIDE Open"]
[Site "Voronezh"]
[Date "2018.06.19"]
[Round "8.61"]
[White "Sushkov, Mikhail"]
[Black "Meshkov, Timofey"]
[Result "1-0"]
[WhiteElo "1727"]
[BlackElo "1403"]
[Annotator ""]
[Source ""]
[Remark ""]

1.e4 c5 2.Nf3 e6 3.d4 cxd4 4.Nxd4 Nc6 5.Nc3 Bb4 6.Ndb5 d6 7.a3
Bc5 8.b4 Nxb4 9.axb4 Bxb4 10.Bd2 a6 11.Qb1 Bc5 12.Bd3 Bd7 13.Na3
Qf6 14.O-O Bd4 15.Qb3 Rc8 16.Nab1 Nh6 17.Ra2 Ng4 18.Nd1 Be5 19.g3
Bc6 20.Ne3 h5 21.Bc3 Nxe3 22.fxe3 Qg5 23.Bxe5 dxe5 24.Rf3 h4
25.Nd2 hxg3 26.Rxg3 Qh5 27.Nf1 O-O 28.c3 Qh4 29.Rag2 g6 30.Rg4
Qf6 31.Bc4 Rfe8 32.h4 Kh7 33.Be2 Rg8 34.Rh2 Kg7 35.Qb4 Rh8 36.h5
Rh6 37.Rhg2 Kh7 38.Rf2 Qg7 39.Qe7 Rf8 40.hxg6+ Rxg6 41.Rxg6 Qxg6+
42.Rg2 Qxe4 43.Rg4 Re8 44.Qh4# 1-0

[Event "FIDE Open"]
[Site "Voronezh"]
[Date "2018.06.19"]
[Round "8.62"]
[White "Volovich, Evgeny"]
[Black "Lysenko, Olesya"]
[Result "1-0"]
[WhiteElo "1617"]
[BlackElo "1697"]
[Annotator ""]
[Source ""]
[Remark ""]

1.e4 e5 2.Nf3 Nc6 3.d4 exd4 4.Bc4 Nf6 5.O-O Bc5 6.e5 d5 7.exf6
dxc4 8.Re1+ Be6 9.Ng5 Qxf6 10.Nxe6 fxe6 11.Qh5+ Qf7 12.Qxc5 Rf8
13.f3 e5 14.Bg5 h6 15.Bh4 g5 16.Bg3 O-O-O 17.Nd2 d3 18.Nxc4 Rfe8
19.cxd3 Rxd3 20.Nxe5 Nxe5 21.Bxe5 Rd5 22.Qc3 1-0

[Event "FIDE Open"]
[Site "Voronezh"]
[Date "2018.06.19"]
[Round "8.63"]
[White "Rudakov, Sergey S."]
[Black "Ochirova, Anita"]
[Result "0-1"]
[WhiteElo "1568"]
[BlackElo "1691"]
[Annotator ""]
[Source ""]
[Remark ""]

1.e4 c6 2.d4 d5 3.e5 Bf5 4.h4 h5 5.Bd3 Bxd3 6.Qxd3 e6 7.Ne2 Nd7
8.Bg5 Be7 9.f4 Qb6 10.b3 c5 11.f5 cxd4 12.O-O Nxe5 13.Qg3 Bxg5
14.Qxg5 d3+ 15.Kh1 dxe2 16.Re1 Qd4 17.Nd2 Qg4 18.fxe6 Qxg5 19.hxg5
Ne7 20.Rxe2 N7c6 21.exf7+ Kxf7 22.c4 dxc4 23.bxc4 Rhe8 24.Rf2+
Kg8 25.Rb1 b6 26.Re2 Ng4 27.Rbe1 Rxe2 28.Rxe2 Kf7 29.Ne4 Rd8
30.Re1 Nce5 31.Rf1+ Kg8 32.Ng3 Nxc4 33.Nf5 Nce3 34.Ne7+ Kh7 35.g6+
Kh6 0-1

[Event "FIDE Open"]
[Site "Voronezh"]
[Date "2018.06.19"]
[Round "8.64"]
[White "Krekoten, Vladimir"]
[Black "Titarenko, Pavel"]
[Result "1-0"]
[WhiteElo "1718"]
[BlackElo "1520"]
[Annotator ""]
[Source ""]
[Remark ""]

1.e4 d6 2.d4 Nf6 3.Nc3 g6 4.Be3 Bg7 5.Qd2 O-O 6.Bh6 Nbd7 7.Bxg7
Kxg7 8.f3 e5 9.d5 c6 10.O-O-O c5 11.g4 h6 12.h4 Nh7 13.Nge2 a5
14.Nb5 Nb6 15.Nec3 Qf6 16.Be2 Bd7 17.Rdf1 Bxb5 18.Nxb5 g5 19.Rh3
Rh8 20.hxg5 hxg5 21.Rfh1 Nd7 22.Rh6 Qe7 23.Nxd6 Qd8 24.Nf5+ Kg8
25.d6 Ndf6 26.Bc4 Qe8 27.Rg6+ Kf8 28.Rg7 1-0

[Event "FIDE Open"]
[Site "Voronezh"]
[Date "2018.06.19"]
[Round "8.65"]
[White "Chuprik, Ilya"]
[Black "Denisenko, Dmitry"]
[Result "1/2-1/2"]
[WhiteElo "1650"]
[BlackElo "1703"]
[Annotator ""]
[Source ""]
[Remark ""]

1.d4 Nf6 2.g3 c6 3.Bg2 d6 4.e4 Nbd7 5.Ne2 g6 6.O-O Bg7 7.h3 h5
8.c3 Qc7 9.Nd2 O-O 10.Qc2 a5 11.Nf3 b5 12.Ng5 Nh7 13.Nxh7 Kxh7
14.f4 e6 15.f5 exf5 16.exf5 Nf6 17.Bg5 d5 18.Kh2 Bd7 19.Rf2 Rae8
20.Ng1 Qc8 21.fxg6+ fxg6 22.Bxf6 Rxf6 23.Rxf6 Bxf6 24.Qd2 a4
25.Nf3 Qd8 26.Rf1 Kg7 27.b3 axb3 28.axb3 Qc7 29.h4 Qd8 30.Ng1
Qc7 31.Nf3 Qd8 1/2-1/2

[Event "FIDE Open"]
[Site "Voronezh"]
[Date "2018.06.19"]
[Round "8.66"]
[White "Ragimli, Deniz"]
[Black "Ryumshin, Vladislav"]
[Result "1/2-1/2"]
[WhiteElo "1626"]
[BlackElo "1697"]
[Annotator ""]
[Source ""]
[Remark ""]

1.e4 e5 2.Bc4 Nc6 3.a3 Nf6 4.d3 Bc5 5.Nc3 a6 6.Bg5 h6 7.Bh4 d6
8.h3 Be6 9.Bxe6 fxe6 10.Qd2 Qe7 11.Nge2 g5 12.Bg3 O-O-O 13.O-O-O
Nh5 14.f3 Nf4 15.Nxf4 exf4 16.Bf2 Bxf2 17.Qxf2 e5 18.Nd5 Qg7
19.c3 Kb8 20.Kb1 h5 21.Nb4 Nxb4 22.cxb4 h4 23.Rc1 d5 24.Rc5 dxe4
25.dxe4 Rd7 26.Rhc1 Rhd8 27.R5c2 Qe7 28.Qc5 Qxc5 29.Rxc5 Re8
30.Kc2 c6 31.Kb1 Kc8 32.Kc2 Kb8 33.Kb1 Kc8 34.Kc2 1/2-1/2

[Event "FIDE Open"]
[Site "Voronezh"]
[Date "2018.06.19"]
[Round "8.67"]
[White "Pogorelov, Aleksey"]
[Black "Titov, Oleg"]
[Result "1-0"]
[WhiteElo "1569"]
[BlackElo "1695"]
[Annotator ""]
[Source ""]
[Remark ""]

1.e4 e5 2.Nf3 Nc6 3.Bc4 Bc5 4.c3 Nf6 5.d4 exd4 6.cxd4 Bb4+ 7.Nc3
Nxe4 8.O-O Bxc3 9.d5 Ne5 10.Bb3 O-O 11.bxc3 Nxf3+ 12.Qxf3 Nc5
13.Bc2 d6 14.Be3 Qh4 15.Rab1 Rb8 16.Rb4 Qf6 17.Qh5 g6 18.Qh6
Qg7 19.Qg5 f6 20.Qg3 g5 21.h4 h6 22.f4 g4 23.f5 h5 24.Bd1 Kf7
25.Bxc5 dxc5 26.Qxc7+ Kg8 27.Qxc5 Bd7 28.Bb3 b6 29.Qf2 a5 30.Rxb6
g3 31.Qe3 Rxb6 32.Qxb6 Qg4 33.Qd4 Qe2 34.Qf4 Re8 35.Qxg3+ Kh8
36.Qf3 Bb5 37.Qxe2 Rxe2 38.Rf2 Re1+ 39.Kh2 a4 40.c4 axb3 41.cxb5
bxa2 42.Rxa2 Rb1 43.Ra5 Kg7 44.Kh3 Kf7 45.d6 Ke8 46.Ra8+ Kd7
47.Rf8 Rb3+ 48.g3 Kxd6 49.Rxf6+ Ke5 50.Rh6 Rxb5 51.Rxh5 Kf6 52.g4 1-0

[Event "FIDE Open"]
[Site "Voronezh"]
[Date "2018.06.19"]
[Round "8.68"]
[White "Makushin, Aleksandr"]
[Black "Zakharov, Timofey V."]
[Result "1-0"]
[WhiteElo "1692"]
[BlackElo "1389"]
[Annotator ""]
[Source ""]
[Remark ""]

1.e4 c5 2.c3 Nf6 3.e5 Nd5 4.d4 cxd4 5.cxd4 Nc6 6.Nf3 d6 7.Bc4
Nb6 8.Bb5 a6 9.Bd3 g6 10.Bf4 dxe5 11.Bxe5 Nxe5 12.Nxe5 Bg7 13.f4
O-O 14.Be4 Nd5 15.Qf3 Nf6 16.Qe3 Nxe4 17.Qxe4 Bf5 18.Qe3 Bxb1
19.Rxb1 Qa5+ 20.b4 Qxa2 21.O-O Qe6 22.Qd3 Bxe5 23.fxe5 Rad8 24.Qc3
Qb6 25.Qc5 Qxc5 26.bxc5 Rd7 27.Rb4 Rfd8 28.Rd1 Rc7 29.Rdb1 Rdd7
30.Kf2 e6 31.Ke3 Kf8 32.Rb6 Ke8 33.R6b4 Kd8 34.g4 g5 35.R1b2
Kc8 36.Rf2 Kb8 37.Rf6 Rc8 38.Rh6 Rh8 39.Rh5 h6 40.h4 gxh4 41.g5
h3 42.Rxh3 h5 43.Rb6 Kc7 44.Rf3 Re7 45.Kf4 Ree8 46.Kg3 1-0

[Event "FIDE Open"]
[Site "Voronezh"]
[Date "2018.06.19"]
[Round "8.69"]
[White "Povelitsa, Nikolai"]
[Black "Shcherbinin, Nikolay"]
[Result "0-1"]
[WhiteElo "1364"]
[BlackElo "1671"]
[Annotator ""]
[Source ""]
[Remark ""]

1.e4 c5 2.Nc3 Nc6 3.a3 g6 4.Bc4 Bg7 5.Nf3 d6 6.Ng5 e6 7.d3 Nge7
8.Qf3 O-O 9.Ba2 Nd4 10.Qd1 d5 11.Ne2 Nec6 12.c3 Nxe2 13.Qxe2
d4 14.Bd2 dxc3 15.bxc3 Qa5 16.O-O Bxc3 17.Bxc3 Qxc3 18.Rfc1 Nd4
19.Qe3 Qa5 20.Qh3 h5 21.Qe3 Bd7 22.Nh3 Kg7 23.Kf1 Rac8 24.Qg5
Qc7 25.Nf4 Rh8 26.g3 Nf3 27.Qe7 Rhe8 28.Nxe6+ Bxe6 29.Qxc7 Rxc7
30.Kg2 Nd4 0-1

[Event "FIDE Open"]
[Site "Voronezh"]
[Date "2018.06.19"]
[Round "8.70"]
[White "Degtiarev, Viktor"]
[Black "Pokasova, Irina"]
[Result "0-1"]
[WhiteElo "1772"]
[BlackElo "1311"]
[Annotator ""]
[Source ""]
[Remark ""]

1.e4 c6 2.d4 d5 3.Nd2 dxe4 4.Nxe4 Bf5 5.Ng3 Bg6 6.Nf3 Nd7 7.Nh4
e6 8.Nxg6 hxg6 9.c3 Ngf6 10.Bd3 Bd6 11.Qf3 Qc7 12.h3 O-O-O 13.O-O
e5 14.Ne2 exd4 15.cxd4 Nb6 16.Bd2 Nbd5 17.a3 Kb8 18.b4 Rc8 19.Rfc1
Qb6 20.Rab1 a6 21.Rc4 Rhf8 22.g4 Nc7 23.a4 Nfd5 24.Nf4 Nxf4 25.Bxf4
Bxf4 26.Qxf4 Ka8 27.Be4 Ne6 28.Qe3 Rcd8 29.a5 Qb5 30.Qc3 Nf4
31.Kf1 Nxh3 32.Kg2 Nf4+ 33.Kf3 Ne6 34.Kg3 Qg5 35.f3 Qf4+ 36.Kg2
Rh8 37.Rg1 Qh2+ 38.Kf1 Nf4 39.Bd3 Nh3 0-1

[Event "FIDE Open"]
[Site "Voronezh"]
[Date "2018.06.19"]
[Round "8.71"]
[White "Neklyudova, Taisiya"]
[Black "Kuritsina, Zlata"]
[Result "0-1"]
[WhiteElo "1268"]
[BlackElo "1508"]
[Annotator ""]
[Source ""]
[Remark ""]

1.e4 d5 2.exd5 Qxd5 3.Nc3 Qa5 4.Nf3 Nf6 5.h3 Bf5 6.Be2 e6 7.O-O
Be7 8.d4 Nc6 9.Be3 O-O 10.Bc4 Nb4 11.Bb3 Nbd5 12.Bd2 Nxc3 13.Bxc3
Bb4 14.Bxb4 Qxb4 15.Qd2 Qxd2 16.Nxd2 Rfd8 17.Nf3 Be4 18.c3 Bxf3
19.gxf3 Nd5 20.Kh2 h6 21.Rg1 Kf8 22.Rg3 Nf4 23.Bc2 h5 24.Re1
Rac8 25.Re4 Nd5 26.Re1 c5 27.dxc5 Rxc5 28.Rgg1 Nf4 29.Rd1 Rcd5
30.b3 Rd2 31.Rxd2 Rxd2 32.Bb1 Rxf2+ 33.Kg3 Nxh3 34.Kxh3 Rxf3+
35.Rg3 Rf1 36.Be4 b6 37.c4 Re1 38.Bb7 Re5 39.a4 a5 40.Rd3 Ke7
41.Bc6 f5 42.Rd7+ Kf6 43.Rd3 g5 44.Kg3 f4+ 45.Kf2 Rc5 46.Bf3
g4 47.Be4 Re5 48.Bb7 h4 49.Rd6 h3 50.Rxb6 g3+ 51.Kf1 Re3 52.Rd6
f3 53.Rd1 h2 54.Bxf3 Rxf3+ 55.Kg2 Rxb3 56.Ra1 Ke7 0-1

[Event "FIDE Open"]
[Site "Voronezh"]
[Date "2018.06.19"]
[Round "8.72"]
[White "Lebedeva, Ekaterina"]
[Black "Cherniavskaya, Klara"]
[Result "1-0"]
[WhiteElo "1503"]
[BlackElo "1357"]
[Annotator ""]
[Source ""]
[Remark ""]

1.e4 c6 2.d4 d5 3.exd5 Qxd5 4.Nc3 Qe6+ 5.Be2 Nf6 6.Nf3 g6 7.O-O
Bg7 8.Re1 Qd6 9.h3 Bf5 10.Bc4 e6 11.g4 b5 12.Bf1 Bxg4 13.hxg4
Nxg4 14.Ne4 Qc7 15.Bh3 h5 16.Bg5 Nd7 17.Bh4 Ndf6 18.Bg3 Qe7 19.Qd3
Nxe4 20.Qxe4 f5 21.Qxc6+ Kf7 22.d5 1-0